Southville International School and Colleges
Your cart is empty.
  • Cart
  • Lists
    Public lists Eva Luna New books Lux_list list_1
    Your lists Log in to create your own lists
  • Log in to your account
  • Your cookies
  • Search history
Southville International School and Colleges
  • Advanced search
  • Recent comments
  • Most popular
  • Libraries

Log in to your account

Log in with GOOGLE


If you do not have an external account, but do have a local account, you can still log in:

  1. Home
  2. MARC view: Anarchism and Other Essays
Normal view MARC view ISBD view

Anarchism and Other Essays (Record no. 231500)

[ view plain ]
MARC details
000 -LEADER
fixed length control field 01253cam a22002893a 4500
001 - CONTROL NUMBER
control field 2162
003 - CONTROL NUMBER IDENTIFIER
control field PGUSA
005 - DATE AND TIME OF LATEST TRANSACTION
control field 20140828083011.0
008 - FIXED-LENGTH DATA ELEMENTS--GENERAL INFORMATION
fixed length control field 000401s2000||||xxu|||||s|||||000 | eng d
040 ## - CATALOGING SOURCE
Original cataloging agency PGUSA
Language of cataloging eng
042 ## - AUTHENTICATION CODE
Authentication code dc
050 #4 - LIBRARY OF CONGRESS CALL NUMBER
Classification number HX
100 1# - MAIN ENTRY--PERSONAL NAME
Personal name Goldman, Emma,
Dates associated with a name 1869-1940
245 10 - TITLE STATEMENT
Title Anarchism and Other Essays
Medium [electronic resource] /
Statement of responsibility, etc Emma Goldman
260 ## - PUBLICATION, DISTRIBUTION, ETC. (IMPRINT)
Name of publisher, distributor, etc Project Gutenberg,
Date of publication, distribution, etc 2000
500 ## - GENERAL NOTE
General note Includes biographic sketch by Hippolyte Havel.
505 0# - FORMATTED CONTENTS NOTE
Formatted contents note Biographic Sketch ­ Preface -- Anarchism: What It Really Stands For -- Minorities Versus Majorities -- The Psychology of Political Violence -- Prisons: A Social Crime and Failure -- Patriotism: A Menace to Liberty -- Francisco Ferrer and The Modern School -- The Hypocrisy of Puritanism -- The Traffic in Women -- Woman Suffrage -- The Tragedy of Woman's Emancipation -- Marriage and Love -- The Drama: A Powerful Disseminator of Radical Thought.
506 ## - RESTRICTIONS ON ACCESS NOTE
Terms governing access Public domain in the USA.
516 ## - TYPE OF COMPUTER FILE OR DATA NOTE
Type of computer file or data note Electronic text
653 ## - INDEX TERM--UNCONTROLLED
Uncontrolled term Women -- Social and moral questions
653 ## - INDEX TERM--UNCONTROLLED
Uncontrolled term Feminism
653 ## - INDEX TERM--UNCONTROLLED
Uncontrolled term Anarchism
700 1# - ADDED ENTRY--PERSONAL NAME
Personal name Havel, Hippolyte
830 #0 - SERIES ADDED ENTRY--UNIFORM TITLE
Uniform title Project Gutenberg
Volume number/sequential designation 2162
856 40 - ELECTRONIC LOCATION AND ACCESS
Uniform Resource Identifier <a href="http://www.gutenberg.org/ebooks/2162">http://www.gutenberg.org/ebooks/2162</a>
942 ## - ADDED ENTRY ELEMENTS (KOHA)
Koha item type eBooks
Holdings
Withdrawn status Lost status Damaged status Home library Current library Date acquired Total Checkouts Date last seen Price effective from Koha item type
      Project Gutenberg Project Gutenberg 08/28/2014   08/28/2014 08/28/2014 eBooks

Anarchism and Other Essays

APA

Goldman E., Havel H., . (2000). Anarchism and Other Essays. : Project Gutenberg.

Chicago

Goldman Emma, Havel Hippolyte, . 2000. Anarchism and Other Essays. : Project Gutenberg.

Harvard

Goldman E., Havel H., . (2000). Anarchism and Other Essays. : Project Gutenberg.

MLA

Goldman Emma, Havel Hippolyte, . Anarchism and Other Essays. : Project Gutenberg. 2000.

  • Place hold
  • Print
  • Cite
  • Add to your cart (remove)
  • Save record
    BIBTEX Dublin Core MARCXML MARC (non-Unicode/MARC-8) MARC (Unicode/UTF-8) MARC (Unicode/UTF-8, Standard) MODS (XML) RIS
  • More searches
    Search for this title in:
    Other Libraries (WorldCat) Other Databases (Google Scholar) Online Stores (Bookfinder.com) Open Library (openlibrary.org)

Exporting to Dublin Core...

SOUTHVILLE LIBRARY

Southville International School and Colleges Library

1281 Tropical Ave. Cor. Luxembourg St., BF Homes International, Las Pinas City

Tel. No. 8256374 / 252358 Loc. 117/146

Powered by Koha